000 00465nmm a2200157Ia 4500
008 251105s9999||||xx |||||||||||||||||und||
020 _a9788492722020
041 _aspa
100 _aBarbey d´Aurevilly, Jules
245 0 _aMemoranda. Diarios 1836-1864
264 _a[Madrid, España] :
_bEditorial Alfama,
_c2009
300 _a523 páginas
650 _aFrench Literature and language
856 _uhttps://public.digitaliapublishing.com/a/1176
942 _cCF
999 _c89051
_d89051